000 00389 a2200157 4500
001 71475
020 _a8526257412
040 _cAnchieta - Colégio São Paulo
100 _aBarbosa, Rogério Andrade
240 1 0 _aTrês contos da sabedoria popular
_lpor
245 1 0 _aTrês contos da sabedoria popular
300 _a32
362 0 _a2005
650 4 _aLiteratura infantil
942 _cBK
999 _c71475
_d71475